<?xml version="1.0" encoding="UTF-8"?>
<record
    xmlns:xsi="http://www.w3.org/2001/XMLSchema-instance"
    xsi:schemaLocation="http://www.loc.gov/MARC21/slim http://www.loc.gov/standards/marcxml/schema/MARC21slim.xsd"
    xmlns="http://www.loc.gov/MARC21/slim">

  <leader>00768nam a2200217 a 4500</leader>
  <controlfield tag="001">44979</controlfield>
  <controlfield tag="003">BD-RjUL</controlfield>
  <controlfield tag="005">20211209053938.0</controlfield>
  <controlfield tag="008">161206s1977    bg af         000 0 eng  </controlfield>
  <datafield tag="020" ind1=" " ind2=" ">
    <subfield code="c">: Tk. 20.00</subfield>
  </datafield>
  <datafield tag="035" ind1=" " ind2=" ">
    <subfield code="a">(BD-RjUL)45097</subfield>
  </datafield>
  <datafield tag="040" ind1=" " ind2=" ">
    <subfield code="a">DLC</subfield>
    <subfield code="d">BD-RjUL</subfield>
    <subfield code="b">eng</subfield>
    <subfield code="c">BD-RjUL</subfield>
  </datafield>
  <datafield tag="041" ind1="1" ind2=" ">
    <subfield code="a">eng</subfield>
  </datafield>
  <datafield tag="082" ind1="0" ind2="0">
    <subfield code="a">315.492</subfield>
    <subfield code="2">23</subfield>
    <subfield code="b">BAS 1977</subfield>
  </datafield>
  <datafield tag="110" ind1=" " ind2=" ">
    <subfield code="a">Bangladesh Bureau of Statistics. </subfield>
    <subfield code="9">155808</subfield>
  </datafield>
  <datafield tag="245" ind1=" " ind2=" ">
    <subfield code="a">Statistical pocket book of Bangladesh, 1978 = &#x9AC;&#x9BE;&#x982;&#x9B2;&#x9BE;&#x9A6;&#x9C7;&#x9B6; &#x9AA;&#x9B0;&#x9BF;&#x9B8;&#x982;&#x996;&#x9CD;&#x9AF;&#x9BE;&#x9A8; &#x9AA;&#x995;&#x9C7;&#x99F; &#x9AC;&#x987;, &#x9E7;&#x9EF;&#x9ED;&#x9EE; /</subfield>
    <subfield code="c">Bangladesh Bureau of Statistics. </subfield>
  </datafield>
  <datafield tag="260" ind1=" " ind2=" ">
    <subfield code="a">Dacca:</subfield>
    <subfield code="b">Bangladesh Bureau of Statistics,</subfield>
    <subfield code="c">1977</subfield>
  </datafield>
  <datafield tag="300" ind1=" " ind2=" ">
    <subfield code="a">xviii, 	426 p. : </subfield>
    <subfield code="b">Ill.;</subfield>
    <subfield code="c">15 cm</subfield>
  </datafield>
  <datafield tag="651" ind1=" " ind2=" ">
    <subfield code="a">Bangladesh </subfield>
    <subfield code="x">Statistics. </subfield>
    <subfield code="9">135792</subfield>
  </datafield>
  <datafield tag="942" ind1=" " ind2=" ">
    <subfield code="2">ddc</subfield>
    <subfield code="c">RAR</subfield>
  </datafield>
  <datafield tag="999" ind1=" " ind2=" ">
    <subfield code="c">44979</subfield>
    <subfield code="d">44979</subfield>
  </datafield>
  <datafield tag="952" ind1=" " ind2=" ">
    <subfield code="0">0</subfield>
    <subfield code="1">0</subfield>
    <subfield code="2">ddc</subfield>
    <subfield code="4">0</subfield>
    <subfield code="7">1</subfield>
    <subfield code="8">RARE</subfield>
    <subfield code="a">RUCL</subfield>
    <subfield code="b">RUCL</subfield>
    <subfield code="c">Rare</subfield>
    <subfield code="d">1979-05-02</subfield>
    <subfield code="e">Neamat Book Shop, Rajshahi</subfield>
    <subfield code="g">20.00</subfield>
    <subfield code="l">0</subfield>
    <subfield code="o">RA 315.492 BAS 1977</subfield>
    <subfield code="r">2016-12-06 00:00:00</subfield>
    <subfield code="t">C-1</subfield>
    <subfield code="w">2016-12-06</subfield>
    <subfield code="y">RAR</subfield>
  </datafield>
</record>
